[Event "Beograd 71/590"]
[Site "?"]
[Date "1997.??.??"]
[Round "?"]
[White "Lautier, Joel"]
[Black "Shirov, Alexei"]
[Result "1/2-1/2"]
[WhiteElo "2660"]
[BlackElo "2700"]
[PlyCount "89"]
[EventDate "1997.??.??"]
[Source "ChessBase"]
[SourceDate "1997.10.01"]

1. d4 Nf6 2. c4 g6 3. Nc3 Bg7 4. e4 d6 5. f4 O-O 6. Nf3 c5 7. d5 b5 8. cxb5 a6 9. a4 axb5 10. Bxb5 Ba6 11. Bd2 Bxb5 12. axb5 Rxa1 13. Qxa1 Qb6 14. O-O Nbd7 15. Qe1 Qb7 16. e5 Nxd5 17. e6 N7b6 18. exf7+ Rxf7 19. Ng5 Bd4+ 20. Kh1 Rf5 21. Qe6+ Kh8 22. Nf7+ Kg7 23. Nd8 Qa8 24. Nc6 Qg8 25. Qxg8+ Kxg8 26. Nxd5 Nxd5 27. b6 Nxb6 28. Nxe7+ Kf7 29. Nxf5 gxf5 30. Bc3 Ke6 31. Re1+ Kd5 32. g4 fxg4 33. f5 Nd7 34. Re7 Nf6 35. Kg2 h5 36. Kg3 Ne4+ 37. Rxe4 Kxe4 38. f6 Bxf6 39. Bxf6 d5 40. Kh4 d4 41. Kxh5 Kf3 42. Kg5 d3 43. Bc3 c4 44. Kf5 Ke2 45. Kxg4 1/2-1/2

[Event "Lost Boys op"]
[Site "Amsterdam"]
[Date "2001.08.17"]
[Round "7"]
[White "Van Wely, Loek"]
[Black "Shchekachev, Andrei"]
[Result "1-0"]
[WhiteElo "2695"]
[BlackElo "2546"]
[PlyCount "89"]
[EventDate "2001.08.10"]
[Source "ChessBase"]
[SourceDate "2001.09.11"]

1. d4 Nf6 2. c4 g6 3. Nc3 Bg7 4. e4 d6 5. f4 c5 6. d5 O-O 7. Nf3 b5 8. cxb5 a6 9. a4 Bb7 10. Bd3 axb5 11. Bxb5 Na6 12. O-O Nc7 13. Bc4 Ba6 14. Nd2 Qc8 15. Ra3 Nd7 16. Qe2 Nb6 17. Bxa6 Qxa6 18. Qxa6 Nxa6 19. a5 Nd7 20. Nc4 Nb4 21. g4 Rfb8 22. Kg2 Ra7 23. Rb3 Rab7 24. Kf3 Bd4 25. g5 Na6 26. Rxb7 Rxb7 27. Ke2 Rb4 28. Kd3 Rb8 29. Bd2 f5 30. gxf6 Bxf6 31. Ra1 Nb4+ 32. Ke2 Na6 33. Na4 Bg7 34. Nab6 Nf6 35. e5 Ne8 36. Bc3 Rd8 37. Kf3 Nec7 38. exd6 exd6 39. Re1 Nb5 40. Bxg7 Kxg7 41. Re7+ Kh8 42. Kg4 Nd4 43. Ne3 Nb4 44. Kg5 Kg8 45. Ng4 1-0

[Event "Istanbul ol (Men)"]
[Site "Istanbul"]
[Date "2000.11.12"]
[Round "14"]
[White "Banikas, Hristos"]
[Black "Peng Xiaomin"]
[Result "1/2-1/2"]
[WhiteElo "2542"]
[BlackElo "2657"]
[PlyCount "59"]
[EventDate "2000.10.??"]
[Source "www.chesslib.no"]
[SourceDate "2004.05.04"]

1. d4 Nf6 2. c4 g6 3. Nc3 Bg7 4. e4 d6 5. f4 O-O 6. Nf3 c5 7. d5 b5 8. cxb5 a6 9. a4 e6 10. dxe6 Bxe6 11. Be2 axb5 12. Bxb5 d5 13. e5 Ne8 14. b4 cxb4 15. Ne2 Bg4 16. O-O f6 17. Bb2 fxe5 18. Nxe5 Nc7 19. Qd2 Bxe2 20. Qxe2 Qd6 21. Rac1 Qb6+ 22. Kh1 Nxb5 23. axb5 Ra2 24. Ra1 Rxa1 25. Bxa1 Qe6 26. Qd3 Bxe5 27. Bxe5 Nd7 28. Bd4 Re8 29. Kg1 Qe4 30. Qxe4 1/2-1/2

[Event "Kalamaria Open"]
[Site "Thessaloniki GRE"]
[Date "2007.08.31"]
[Round "8"]
[White "Parligras, M."]
[Black "Kotronias, V."]
[Result "1/2-1/2"]
[WhiteElo "2542"]
[BlackElo "2612"]
[PlyCount "37"]
[EventDate "2007.08.25"]
[Source "www.chesslib.no"]
[SourceDate "2004.05.04"]

1. d4 Nf6 2. c4 g6 3. Nc3 Bg7 4. e4 d6 5. f4 O-O 6. Nf3 c5 7. d5 e6 8. dxe6 fxe6 9. Bd3 Nc6 10. O-O b6 11. Ng5 Qe7 12. Qe1 Bd7 13. Bd2 Nh5 14. g4 Nb4 15. Bb1 h6 16. Nh3 Bd4+ 17. Kg2 Ng7 18. a3 Na6 19. Bd3 1/2-1/2

[Event "Kusadasi TUR"]
[Site "?"]
[Date "2006.04.14"]
[Round "10"]
[White "Turov Maxim"]
[Black "Socko Bartosz"]
[Result "1/2-1/2"]
[WhiteElo "2539"]
[BlackElo "2610"]
[PlyCount "55"]
[EventDate "2006.??.??"]
[Source "www.chesslib.no"]
[SourceDate "2004.05.04"]

1. d4 Nf6 2. c4 g6 3. Nc3 Bg7 4. e4 d6 5. f4 O-O 6. Nf3 c5 7. d5 e6 8. dxe6 fxe6 9. Bd3 e5 10. O-O Nc6 11. f5 Nd4 12. fxg6 hxg6 13. Nh4 Ng4 14. Rxf8+ Bxf8 15. Qe1 Kh7 16. Nd5 Be7 17. Nf3 Be6 18. Qg3 Nxf3+ 19. gxf3 Bh4 20. Qh3 Bxd5 21. fxg4 Be6 22. Qe3 g5 23. h3 Qg8 24. Qe2 Rf8 25. Be3 Bg3 26. Kg2 Bf4 27. Bf2 Qf7 28. Rd1 1/2-1/2

[Event "Montilla"]
[Site "Montilla"]
[Date "1977.??.??"]
[Round "3"]
[White "Kavalek, Lubomir"]
[Black "Byrne, Robert E"]
[Result "1/2-1/2"]
[WhiteElo "2545"]
[BlackElo "2580"]
[PlyCount "31"]
[EventDate "1977.08.??"]
[Source "ChessBase"]

1. c4 g6 2. d4 Nf6 3. Nc3 Bg7 4. e4 d6 5. f4 O-O 6. Nf3 c5 7. d5 e6 8. dxe6 Bxe6 9. Bd3 Bg4 10. h3 Bxf3 11. Qxf3 Nc6 12. O-O Nd7 13. Bd2 a6 14. Rae1 b5 15. b3 Nb6 16. Kh1 1/2-1/2

[Event "Cappelle"]
[Site "Cappelle la Grande"]
[Date "1994.??.??"]
[Round "4"]
[White "Vaisser, Anatoli"]
[Black "Lanka, Zigurds"]
[Result "1/2-1/2"]
[WhiteElo "2575"]
[BlackElo "2540"]
[PlyCount "40"]
[EventDate "1994.07.??"]
[Source "ChessBase"]

1. d4 Nf6 2. c4 g6 3. Nc3 Bg7 4. e4 d6 5. f4 O-O 6. Nf3 c5 7. d5 b5 8. cxb5 a6 9. a4 axb5 10. Bxb5 Ba6 11. Bd2 Bxb5 12. axb5 Rxa1 13. Qxa1 Qb6 14. O-O Nbd7 15. Qa6 Rb8 16. Ra1 Ne8 17. Qxb6 Nxb6 18. Ra7 Kf8 19. Be1 Nc8 20. Rd7 Nb6 1/2-1/2

[Event "Synthesia Rapid Open"]
[Site "Pardubice CEC"]
[Date "2007.07.19"]
[Round "6"]
[White "Bernasek, J."]
[Black "Mamedov, Rau"]
[Result "0-1"]
[WhiteElo "2517"]
[BlackElo "2587"]
[PlyCount "68"]
[EventDate "2007.07.18"]
[Source "www.chesslib.no"]
[SourceDate "2004.05.04"]

1. d4 Nf6 2. c4 g6 3. Nc3 Bg7 4. e4 d6 5. f4 O-O 6. Nf3 c5 7. d5 e6 8. dxe6 Bxe6 9. Bd3 Nc6 10. O-O Na5 11. Qe2 Re8 12. Re1 Nc6 13. Qf1 Bg4 14. h3 Bxf3 15. Qxf3 Nd4 16. Qf2 a6 17. Be3 Nd7 18. Ne2 Qb6 19. Rab1 Nc6 20. a3 Qa5 21. Red1 b5 22. Bc2 Qc7 23. b3 Nb6 24. Bd3 bxc4 25. bxc4 Na4 26. Rd2 Rab8 27. Rxb8 Qxb8 28. e5 dxe5 29. Bxc5 exf4 30. Kh1 Ne5 31. Nxf4 Nxc5 32. Qxc5 Nf3 33. gxf3 Qxf4 34. Qf2 Bd4 0-1

[Event "Plzen m"]
[Site "?"]
[Date "2000.??.??"]
[Round "3"]
[White "Stocek Jiri"]
[Black "Babula Vlastimil"]
[Result "1/2-1/2"]
[WhiteElo "2515"]
[BlackElo "2580"]
[PlyCount "81"]
[EventDate "2000.??.??"]
[Source "www.chesslib.no"]
[SourceDate "2004.05.04"]

1. d4 Nf6 2. c4 g6 3. Nc3 Bg7 4. e4 d6 5. f4 c5 6. d5 O-O 7. Nf3 b5 8. cxb5 a6 9. a4 e6 10. dxe6 Bxe6 11. e5 dxe5 12. Qxd8 Rxd8 13. Nxe5 Nd5 14. Nxd5 Bxd5 15. Kf2 Nd7 16. Nxd7 Rxd7 17. bxa6 c4 18. Be2 Be6 19. a5 Bd4+ 20. Be3 Bxb2 21. Rab1 Bd4 22. Rb7 Bxe3+ 23. Kxe3 Rd5 24. a7 Kg7 25. Ra1 Rd6 26. g3 Bd5 27. Rc7 Re6+ 28. Kf2 Ra6 29. Rd1 Be6 30. Bf3 R8xa7 31. Rxa7 Rxa7 32. Ra1 c3 33. Be4 Bf5 34. Bxf5 gxf5 35. Ke3 Rd7 36. Ra2 Rd6 37. Rc2 Rd5 38. Rxc3 Rxa5 39. Kd4 Kg6 40. Rc6+ f6 41. Rc2 1/2-1/2

[Event "RUS"]
[Site "?"]
[Date "2006.04.23"]
[Round "4"]
[White "Turov Maxim"]
[Black "Dyachkov Sergej"]
[Result "1/2-1/2"]
[WhiteElo "2539"]
[BlackElo "2548"]
[PlyCount "115"]
[EventDate "2006.??.??"]
[Source "www.chesslib.no"]
[SourceDate "2004.05.04"]

1. d4 Nf6 2. c4 g6 3. Nc3 Bg7 4. e4 d6 5. f4 O-O 6. Nf3 c5 7. d5 a6 8. Bd3 b5 9. O-O bxc4 10. Bxc4 Nbd7 11. a4 Nb6 12. Bd3 Rb8 13. a5 Na8 14. e5 dxe5 15. Nxe5 Bb7 16. Nc6 Bxc6 17. dxc6 Nc7 18. Qe2 Qd6 19. Bxa6 Nxa6 20. Qxa6 Rfc8 21. Qe2 Qxc6 22. f5 Nd5 23. fxg6 hxg6 24. Qf3 Bd4+ 25. Kh1 Nf6 26. a6 Ra8 27. a7 Qd7 28. g4 Bxc3 29. bxc3 Qxg4 30. Qxg4 Nxg4 31. Bf4 e5 32. Bg5 f6 33. Bxf6 Rf8 34. Bg5 Rxf1+ 35. Rxf1 Rxa7 36. h3 Rh7 37. Kg2 Rh5 38. hxg4 Rxg5 39. Kg3 e4 40. Kf4 Rd5 41. Kxe4 Rd6 42. Ra1 Re6+ 43. Kd5 Re3 44. c4 Rg3 45. Kxc5 Rxg4 46. Kd5 Kf7 47. c5 Rg2 48. Ra7+ Kf6 49. c6 Rd2+ 50. Kc5 Rc2+ 51. Kb6 Rb2+ 52. Kc7 g5 53. Ra4 Kf5 54. Kd6 Rd2+ 55. Kc5 Rd8 56. Rd4 Rc8 57. Kb6 g4 58. c7 1/2-1/2

[Event "Dubna"]
[Site "Dubna"]
[Date "1973.??.??"]
[Round "?"]
[White "Knezevic, Milorad"]
[Black "Tal, Mikhail N"]
[Result "1/2-1/2"]
[WhiteElo "2420"]
[BlackElo "2660"]
[PlyCount "68"]
[EventDate "1973.12.??"]
[Source "www.chesslib.no"]
[SourceDate "2004.05.04"]

1. d4 Nf6 2. c4 g6 3. Nc3 Bg7 4. e4 d6 5. f4 O-O 6. Nf3 c5 7. d5 b5 8. cxb5 a6 9. bxa6 Qa5 10. Nd2 Bxa6 11. Bxa6 Qxa6 12. Qe2 Nbd7 13. Qxa6 Rxa6 14. Nc4 Rb8 15. Ke2 Rb4 16. Nd2 Ne8 17. a3 Rb8 18. Nc4 Nc7 19. Bd2 e6 20. Rhd1 exd5 21. Nxd5 Nxd5 22. exd5 Bxb2 23. Rab1 Re8+ 24. Kd3 Bd4 25. Re1 Rea8 26. Rb7 R8a7 27. Rxa7 Rxa7 28. Bc1 Nf6 29. Nxd6 Nxd5 30. Re8+ Kg7 31. Rd8 Nc3 32. Bb2 Ne2 33. Nb5 Nxf4+ 34. Kc2 Bxb2 1/2-1/2

[Event "MTO"]
[Site "Biel"]
[Date "2003.07.23"]
[Round "3"]
[White "Cebalo, Miso"]
[Black "Pavlovic, Milos"]
[Result "0-1"]
[WhiteElo "2510"]
[BlackElo "2569"]
[PlyCount "42"]
[EventDate "2003.07.19"]
[Source "Roberto Alvarez"]
[SourceDate "2003.07.28"]

1. d4 Nf6 2. c4 g6 3. Nc3 Bg7 4. e4 d6 5. f4 c5 6. d5 O-O 7. Nf3 a6 8. a4 e5 9. fxe5 Ng4 10. exd6 f5 11. exf5 Bxf5 12. Be2 Qxd6 13. g3 Nxh2 14. Rxh2 Qxg3+ 15. Rf2 Nd7 16. Qd2 Rae8 17. Nd1 Bg4 18. Ra3 Bd4 19. Qg5 Bxf2+ 20. Nxf2 Rxf3 21. Rxf3 Qxf3 0-1

[Event "Valoz Cup GMA"]
[Site "Olomouc CEC"]
[Date "2007.08.09"]
[Round "11"]
[White "Bernasek, J."]
[Black "Maslak, K."]
[Result "1/2-1/2"]
[WhiteElo "2517"]
[BlackElo "2548"]
[PlyCount "25"]
[EventDate "2007.08.01"]
[Source "www.chesslib.no"]
[SourceDate "2004.05.04"]

1. d4 Nf6 2. c4 g6 3. Nc3 Bg7 4. e4 O-O 5. f4 d6 6. Nf3 c5 7. d5 e6 8. dxe6 Bxe6 9. Bd3 Bg4 10. h3 Bxf3 11. Qxf3 Nc6 12. Be3 a6 13. O-O 1/2-1/2

[Event "Kostic mem"]
[Site "?"]
[Date "1977.??.??"]
[Round "15"]
[White "Knezevic Milorad"]
[Black "Quinteros Miguel Angel"]
[Result "0-1"]
[WhiteElo "2500"]
[BlackElo "2555"]
[PlyCount "60"]
[EventDate "1977.??.??"]
[Source "www.chesslib.no"]
[SourceDate "2004.05.04"]

1. d4 Nf6 2. c4 c5 3. d5 g6 4. Nc3 d6 5. e4 Bg7 6. f4 O-O 7. Nf3 e6 8. dxe6 fxe6 9. Bd3 Nc6 10. O-O Qe7 11. Qe1 Bd7 12. Bd2 Nd4 13. Ng5 Rae8 14. e5 Nh5 15. exd6 Qxd6 16. Nce4 Qe7 17. b4 b6 18. bxc5 bxc5 19. Rb1 h6 20. Nh3 e5 21. Rb7 exf4 22. Nxf4 Nxf4 23. Bxf4 Qd8 24. Bd6 Bc6 25. Rb8 Rxe4 26. Qg3 Nf5 27. Rxd8 Bd4+ 28. Kh1 Nxg3+ 29. Bxg3 Rxd8 30. Bxe4 Bxe4 0-1

[Event "Clarin"]
[Site "Buenos Aires"]
[Date "1978.??.??"]
[Round "7"]
[White "Vaganian, Rafael A"]
[Black "Torre, Eugenio"]
[Result "1-0"]
[WhiteElo "2555"]
[BlackElo "2490"]
[PlyCount "87"]
[EventDate "1978.11.??"]
[Source "ChessBase"]

1. d4 g6 2. c4 Bg7 3. Nc3 c5 4. d5 d6 5. e4 Nf6 6. f4 O-O 7. Nf3 e6 8. dxe6 fxe6 9. Bd3 Nc6 10. O-O Nd4 11. Bd2 Nd7 12. Ng5 Qe7 13. Qg4 Nb8 14. e5 Nf5 15. Qh3 h6 16. Nge4 dxe5 17. fxe5 Nd7 18. g4 Qh4 19. Qg2 Nd4 20. Rxf8+ Nxf8 21. Rf1 Bxe5 22. Nxc5 Bd7 23. Nxd7 Nxd7 24. Bxg6 Rf8 25. Rxf8+ Nxf8 26. Be4 b6 27. b4 Nd7 28. g5 h5 29. h3 Bd6 30. Nb5 Nxb5 31. cxb5 Be5 32. Qf3 Bd6 33. Qd3 Ne5 34. Qxd6 Qxe4 35. Qxe6+ Kf8 36. Qf6+ Ke8 37. Qf4 Qe2 38. Qe3 Qxe3+ 39. Bxe3 Kf7 40. Kg2 Kg6 41. a4 Kf5 42. h4 Ke4 43. Bxb6 axb6 44. a5 1-0

[Event "Ordzhonikidze zt 1.9"]
[Site "Ordzhonikidze"]
[Date "2000.06.14"]
[Round "6"]
[White "Zubarev, Alexander"]
[Black "Kruppa, Yuri"]
[Result "0-1"]
[WhiteElo "2476"]
[BlackElo "2561"]
[PlyCount "76"]
[EventDate "2000.06.09"]
[Source "ChessBase"]
[SourceDate "2000.10.18"]

1. d4 Nf6 2. c4 g6 3. Nc3 Bg7 4. e4 d6 5. f4 c5 6. d5 O-O 7. Nf3 b5 8. cxb5 a6 9. bxa6 Qa5 10. Nd2 Bxa6 11. Bxa6 Qxa6 12. Qe2 Nbd7 13. Qxa6 Rxa6 14. Nc4 Rb8 15. Ke2 Rb4 16. Nd2 Ne8 17. a3 Rb8 18. Kd3 Nc7 19. Rb1 f5 20. Re1 Kf8 21. Nc4 Bxc3 22. Kxc3 fxe4 23. Rxe4 Nf6 24. Re1 Nb5+ 25. Kd3 Nxa3 26. Nxa3 Rxa3+ 27. bxa3 Rxb1 28. f5 Kf7 29. fxg6+ hxg6 30. Kc2 Rb8 31. Rd1 Rh8 32. h3 Rh5 33. a4 Nxd5 34. a5 Ke6 35. Kb3 Rh4 36. Bd2 c4+ 37. Kc2 c3 38. Bg5 Ra4 0-1

[Event "Canadian op"]
[Site "Winnipeg"]
[Date "1997.07.17"]
[Round "7"]
[White "Hjartarson, Johann"]
[Black "Sasikiran, Krishnan"]
[Result "1-0"]
[WhiteElo "2605"]
[BlackElo "2430"]
[PlyCount "97"]
[EventDate "1997.07.12"]
[Source "ChessBase"]
[SourceDate "1997.11.24"]

1. d4 Nf6 2. c4 g6 3. Nc3 Bg7 4. e4 d6 5. f4 O-O 6. Nf3 c5 7. d5 b5 8. cxb5 a6 9. a4 e6 10. dxe6 Bxe6 11. Be2 axb5 12. Bxb5 Na6 13. O-O Nb4 14. e5 dxe5 15. Qxd8 Rfxd8 16. fxe5 Ng4 17. Bg5 Rdc8 18. Bf4 c4 19. Nd4 Ra7 20. Nxe6 fxe6 21. Rad1 g5 22. Rd7 Rac7 23. Bxg5 Nxe5 24. Rxc7 Rxc7 25. Bf6 Nbd3 26. Bxg7 Rxg7 27. Nd1 Rc7 28. h3 Kg7 29. Kh2 Ra7 30. g4 Nc5 31. Ne3 Ncd3 32. Nxc4 Nxc4 33. Bxc4 Nxb2 34. Bb5 Rc7 35. Rb1 Rc2+ 36. Kg1 Nc4 37. Bxc4 Rxc4 38. Ra1 Rc6 39. a5 Ra6 40. Kf2 Kf6 41. Ke3 Ke5 42. Ra2 Kd5 43. Ra4 Kc5 44. Ke4 Kb5 45. Ra1 Kc4 46. g5 Kb3 47. h4 Kb2 48. Rg1 Rxa5 49. h5 1-0

[Event "Makarska"]
[Site "Makarska"]
[Date "1997.10.04"]
[Round "2"]
[White "Degraeve, Jean Marc"]
[Black "Bezold, Michael"]
[Result "0-1"]
[WhiteElo "2540"]
[BlackElo "2490"]
[PlyCount "86"]
[EventDate "1997.10.??"]
[Source "www.chesslib.no"]
[SourceDate "2004.05.04"]

1. e4 g6 2. d4 Bg7 3. c4 d6 4. Nc3 Nf6 5. f4 O-O 6. Nf3 c5 7. d5 a6 8. e5 Ne8 9. Be2 Nd7 10. exd6 exd6 11. O-O Ndf6 12. h3 Nc7 13. a4 Bd7 14. a5 Nh5 15. Kh2 f5 16. Bd2 Rb8 17. Qb3 Re8 18. Rae1 Na8 19. Ng5 Nf6 20. Bf3 Qxa5 21. Ne6 Qb6 22. Qc2 Nc7 23. Nxg7 Kxg7 24. Nd1 Rxe1 25. Bxe1 Nce8 26. Bc3 Kf7 27. Nf2 Qd8 28. Re1 b5 29. b3 Bc8 30. Re2 Rb7 31. g4 fxg4 32. hxg4 Nxg4+ 33. Bxg4 Bxg4 34. Re1 Bf5 35. Qa2 b4 36. Ba1 Re7 37. Rh1 Re3 38. Kg2 h5 39. Nh3 Qe7 40. Ng5+ Kg8 41. Kf2 Bg4 42. Ne6 Bxe6 43. dxe6 Qxe6 0-1

[Event "GRE-chT"]
[Site "Athens"]
[Date "1996.??.??"]
[Round "7"]
[White "Banikas, Hristos"]
[Black "Nikolaidis, Ioannis"]
[Result "0-1"]
[WhiteElo "2445"]
[BlackElo "2585"]
[PlyCount "88"]
[EventDate "1996.??.??"]
[Source "ChessBase"]

1. d4 Nf6 2. c4 d6 3. Nc3 g6 4. e4 Bg7 5. f4 O-O 6. Nf3 c5 7. d5 a6 8. e5 Ne8 9. Be2 Nd7 10. e6 fxe6 11. Ng5 Nc7 12. Bg4 Bxc3+ 13. bxc3 Nf6 14. dxe6 Nxg4 15. Qxg4 Nxe6 16. O-O Nxg5 17. Qxg5 Be6 18. Re1 Qd7 19. g4 Kh8 20. Bd2 Rae8 21. h3 Bxc4 22. Re4 b5 23. Rae1 e6 24. a3 Qe7 25. Qxe7 Rxe7 26. Kh2 Kg7 27. Kg3 Kf7 28. Rd1 Ke8 29. Ree1 Kd7 30. Kh4 h6 31. Kg3 Kc6 32. f5 gxf5 33. Bxh6 Rg8 34. g5 e5 35. Kh2 f4 36. h4 Rh7 37. Rd2 Rg6 38. h5 Rxg5 39. Bxg5 Rxh5+ 40. Kg1 Rxg5+ 41. Rg2 Rxg2+ 42. Kxg2 Bd3 43. Rc1 Kd5 44. Kf3 a5 0-1

[Event "Leningrad Warsaw Pact Army"]
[Site "Leningrad RUS"]
[Date "1974.??.??"]
[Round "?"]
[White "Karasev, Vladimir I"]
[Black "Vasiukov, Evgeni A"]
[Result "1/2-1/2"]
[WhiteElo "2460"]
[BlackElo "2560"]
[PlyCount "92"]
[EventDate "1974.??.??"]
[Source "www.chesslib.no"]
[SourceDate "2004.05.04"]

1. d4 Nf6 2. c4 g6 3. Nc3 Bg7 4. e4 d6 5. f4 O-O 6. Nf3 c5 7. d5 b5 8. cxb5 a6 9. bxa6 Qa5 10. Bd2 Bxa6 11. Bxa6 Qxa6 12. Qe2 Nbd7 13. Qxa6 Rxa6 14. O-O Rb8 15. Rfb1 Ne8 16. b3 Nc7 17. Re1 Nb6 18. a4 f5 19. a5 Bxc3 20. Bxc3 Nba8 21. exf5 Nxd5 22. fxg6 Nxc3 23. gxh7+ Kxh7 24. Rxe7+ Kg8 25. f5 Nd5 26. Re6 Nac7 27. Rg6+ Kf8 28. Ng5 Ne8 29. Ne6+ Kf7 30. Nxc5 Raa8 31. Ne4 Ndf6 32. Ng5+ Ke7 33. Re1+ Kd7 34. Ne4 Nxe4 35. Rxe4 d5 36. Re5 Rxa5 37. f6 Ra1+ 38. Kf2 Ra2+ 39. Kf1 Nc7 40. f7 Rf8 41. Rf6 Rc2 42. h4 Rc6 43. Rf3 Rh6 44. h5 Rh7 45. Ref5 Ke6 46. g4 Rfxf7 1/2-1/2

[Event "EU-ch 2nd"]
[Site "Ohrid"]
[Date "2001.06.10"]
[Round "9"]
[White "Vaisser, Anatoli"]
[Black "Mrva, Martin"]
[Result "1-0"]
[WhiteElo "2540"]
[BlackElo "2479"]
[PlyCount "107"]
[EventDate "2001.06.01"]
[Source "ChessBase"]
[SourceDate "2001.09.13"]

1. d4 Nf6 2. c4 g6 3. Nc3 Bg7 4. e4 d6 5. f4 O-O 6. Nf3 c5 7. d5 a6 8. Bd3 e5 9. fxe5 dxe5 10. Bg5 h6 11. Bh4 Qd6 12. Qd2 Nh5 13. Bf2 Nf4 14. Be3 Nxd3+ 15. Qxd3 f5 16. O-O-O Nd7 17. Rhf1 b6 18. Nh4 f4 19. Bf2 Kh7 20. Kb1 Nf6 21. h3 Bd7 22. Nf3 g5 23. Ka1 Rg8 24. a3 Bf8 25. Rc1 Be7 26. Rc2 Nh5 27. b4 g4 28. hxg4 Rxg4 29. bxc5 bxc5 30. Rb1 Rag8 31. Rb7 Rxg2 32. Rxd7 Qxd7 33. Nxe5 Qe8 34. Nc6 Bf8 35. e5+ Kh8 36. Ne4 R8g6 37. Ka2 Ng7 38. Rb2 Ne6 39. Nf6 Qc8 40. Qf5 f3 41. Qxe6 Qc7 42. Qf5 Qf7 43. Qxf3 h5 44. Qxh5+ Bh6 45. Qf3 R6g5 46. e6 Qg6 47. Rb8+ Qg8 48. Nxg8 Rxg8 49. Qxg2 Bf8 50. Qh3+ Kg7 51. Rb7+ Kg6 52. Qg4+ Kh6 53. Be3+ Rg5 54. Qxg5# 1-0

[Event "Momotov mem"]
[Site "Enakievo"]
[Date "1997.??.??"]
[Round "?"]
[White "Bagaturov, Giorgi"]
[Black "Kuzmin, Gennadi P"]
[Result "1-0"]
[WhiteElo "2475"]
[BlackElo "2535"]
[PlyCount "69"]
[EventDate "1997.??.??"]
[Source "www.chesslib.no"]
[SourceDate "2004.05.04"]

1. d4 c5 2. d5 Nf6 3. c4 g6 4. Nc3 d6 5. e4 Bg7 6. f4 O-O 7. Nf3 b5 8. cxb5 a6 9. a4 axb5 10. Bxb5 Ba6 11. Bd2 Qb6 12. O-O c4+ 13. Kh1 Bxb5 14. axb5 Rxa1 15. Qxa1 Nbd7 16. Qe1 Nc5 17. Qe2 Nd3 18. Be3 Qb7 19. Nd4 e6 20. b3 exd5 21. exd5 Re8 22. bxc4 Ng4 23. Qxg4 Rxe3 24. Nd1 h5 25. Qh4 Bxd4 26. f5 Qb6 27. fxg6 fxg6 28. Qg5 Ne5 29. Qh6 Rf3 30. Rxf3 Nxf3 31. Qxg6+ Kf8 32. Qf5+ Kg7 33. Qxf3 Qa5 34. Qe2 Be5 35. c5 1-0

[Event "URS-FL"]
[Site "Sverdlovsk"]
[Date "1987.??.??"]
[Round "?"]
[White "Dokhoian, Yury R"]
[Black "Kupreichik, Viktor D"]
[Result "1-0"]
[WhiteElo "2530"]
[BlackElo "2475"]
[PlyCount "83"]
[EventDate "1987.11.??"]
[Source "www.chesslib.no"]
[SourceDate "2004.05.04"]

1. d4 Nf6 2. c4 g6 3. Nc3 Bg7 4. e4 d6 5. f4 O-O 6. Nf3 c5 7. d5 a6 8. Bd3 b5 9. e5 Ne8 10. O-O Nc7 11. a4 bxc4 12. Bxc4 Bg4 13. Re1 Nd7 14. h3 Bxf3 15. Qxf3 dxe5 16. Be3 Ne8 17. Qf1 Qb6 18. a5 Qb4 19. Bd2 Qxb2 20. Ra2 Qb7 21. Rb1 Qa7 22. Na4 Nd6 23. Nb6 Rab8 24. Rab2 exf4 25. Rb3 g5 26. h4 h6 27. hxg5 hxg5 28. g3 Ne4 29. Be1 Be5 30. Qh3 Ndf6 31. Qf5 Qc7 32. Bd3 c4 33. Nxc4 Rxb3 34. Rxb3 Bd4+ 35. Kg2 Rd8 36. d6 Qc6 37. dxe7 Nxg3+ 38. Be4 Qe8 39. exd8=Q Qxd8 40. Qxg5+ Kf8 41. Qh6+ Kg8 42. Bf3 1-0

[Event "Sverdlovsk"]
[Site "?"]
[Date "1987.??.??"]
[Round "?"]
[White "Dokhoian, Y."]
[Black "Smirin, I."]
[Result "0-1"]
[WhiteElo "2525"]
[BlackElo "2480"]
[PlyCount "96"]
[EventDate "1987.??.??"]
[Source "ChessBase"]
[SourceDate "1987.07.01"]

1. d4 Nf6 2. c4 c5 3. d5 g6 4. Nc3 Bg7 5. e4 d6 6. f4 O-O 7. Nf3 e6 8. dxe6 fxe6 9. Bd3 e5 10. fxe5 dxe5 11. O-O Nc6 12. Bg5 h6 13. Bh4 Qd6 14. Nd5 g5 15. Be1 Bg4 16. Bc3 Nd4 17. Bxd4 Nxd5 18. exd5 exd4 19. Be4 b5 20. Qd3 bxc4 21. Qxc4 Bc8 22. Rfc1 d3 23. Bxd3 Bxb2 24. Rab1 Bxc1 25. Rxc1 Bf5 26. Nd2 Kg7 27. Ne4 Qe5 28. h4 Bxe4 29. Qxe4 Qxe4 30. Bxe4 Rf4 31. Bd3 Rd4 32. Bb5 Rc8 33. Bc6 c4 34. hxg5 hxg5 35. Kf2 Kf6 36. Re1 Rf4+ 37. Kg3 c3 38. Re6+ Kf7 39. Re2 Rc4 40. Rc2 Rb8 41. Bd7 Rb2 42. Rc1 c2 43. Bf5 Kf6 44. Bh7 Rxa2 45. d6 Rb2 46. Rf1+ Kg7 47. d7 Rd4 48. Bf5 Rb1 0-1

[Event "JUG-ch"]
[Site "Novi Sad"]
[Date "1995.??.??"]
[Round "?"]
[White "Petronic, Jovan"]
[Black "Popovic, Petar"]
[Result "0-1"]
[WhiteElo "2450"]
[BlackElo "2545"]
[PlyCount "131"]
[EventDate "1995.02.??"]
[Source "ChessBase"]

1. d4 Nf6 2. c4 g6 3. Nc3 Bg7 4. e4 d6 5. f4 O-O 6. Nf3 c5 7. d5 e6 8. dxe6 fxe6 9. Bd3 Nc6 10. O-O a6 11. Kh1 Bd7 12. Ng5 Qe7 13. Qe1 Nh5 14. g4 Bxc3 15. bxc3 Nf6 16. h3 Nd8 17. Kh2 Bc6 18. Bd2 Nf7 19. Nxf7 Rxf7 20. Qe2 b5 21. g5 bxc4 22. gxf6 cxd3 23. Qxd3 Qxf6 24. Rab1 d5 25. e5 Qe7 26. Rg1 Rf5 27. Rb6 Bb5 28. Qc2 Raf8 29. Bc1 Bc4 30. Rg4 Kh8 31. Qb2 R5f7 32. a4 Bd3 33. Be3 Rc8 34. Rb8 Qc7 35. Rxc8+ Qxc8 36. Qb6 Bf5 37. Rg2 Rc7 38. Rb2 Kg7 39. Bf2 Kf7 40. Bh4 d4 41. c4 Be4 42. Qb3 Rb7 43. Qa3 Rxb2+ 44. Qxb2 Qb7 45. Qxb7+ Bxb7 46. Bd8 Ke8 47. Bb6 d3 48. Ba5 Bc6 49. Kg3 Bxa4 50. Kf2 Bb3 51. Ke3 Bxc4 52. Bb6 Kd7 53. Bxc5 a5 54. Bb6 a4 55. Bc5 Kc6 56. Ba3 Kd5 57. Bc1 Bb5 58. Bb2 Kc4 59. Kd2 Kb3 60. Ba1 a3 61. Bd4 Ka2 62. Kc1 d2+ 63. Kxd2 Kb1 64. Kc3 a2 65. Kb4 Bf1 66. h4 0-1

[Event "Ano Liosia Open"]
[Site "Ano Liosia GRE"]
[Date "1993.??.??"]
[Round "7"]
[White "Inkiov, Ventzislav V"]
[Black "Grivas, Efstratios"]
[Result "1-0"]
[WhiteElo "2485"]
[BlackElo "2505"]
[PlyCount "75"]
[EventDate "1993.??.??"]
[Source "www.chesslib.no"]
[SourceDate "2004.05.04"]

1. d4 Nf6 2. c4 g6 3. Nc3 Bg7 4. e4 d6 5. f4 O-O 6. Nf3 c5 7. d5 e6 8. dxe6 fxe6 9. Bd3 Nc6 10. O-O Nd4 11. Ng5 h6 12. Nf3 e5 13. Nh4 Qe8 14. f5 gxf5 15. Nxf5 Nxf5 16. exf5 e4 17. Bc2 Qe5 18. Bf4 Qd4+ 19. Qxd4 cxd4 20. Nxe4 Bxf5 21. Nxf6+ Rxf6 22. Bxf5 Rxf5 23. Bxd6 Rxf1+ 24. Kxf1 d3 25. Rd1 Bxb2 26. Rxd3 Rc8 27. Rg3+ Kh8 28. Rb3 Bd4 29. Rxb7 Rxc4 30. Rb4 Rc1+ 31. Ke2 Bb6 32. Rg4 Kh7 33. Be5 Rc5 34. Bd4 Rc4 35. Kd3 Ra4 36. Rg7+ Kh8 37. Bf6 Rf4 38. Be5 1-0

[Event "Creon op"]
[Site "Creon"]
[Date "1999.??.??"]
[Round "?"]
[White "Flear, Glenn C"]
[Black "Nevednichy, Vladislav"]
[Result "1-0"]
[WhiteElo "2484"]
[BlackElo "2505"]
[PlyCount "73"]
[EventDate "1999.??.??"]
[Source "www.chesslib.no"]
[SourceDate "2004.05.04"]

1. d4 Nf6 2. c4 g6 3. Nc3 Bg7 4. e4 O-O 5. f4 d6 6. Nf3 c5 7. d5 b5 8. cxb5 a6 9. a4 e6 10. Be2 exd5 11. e5 dxe5 12. fxe5 Ng4 13. Qxd5 Qxd5 14. Nxd5 axb5 15. Bxb5 Nxe5 16. Nxe5 Bxe5 17. Bh6 Bg7 18. Ne7+ Kh8 19. Bxg7+ Kxg7 20. Nxc8 Rxc8 21. Kd2 Nc6 22. Kc3 h5 23. Rhe1 Ra7 24. b3 h4 25. h3 f5 26. Rad1 Nd4 27. Rxd4 cxd4+ 28. Kxd4 Kf6 29. Re2 Kg5 30. b4 Rac7 31. Re8 Rxe8 32. Bxe8 Rc2 33. b5 Rxg2 34. b6 Rd2+ 35. Kc5 f4 36. b7 Rd8 37. Bc6 1-0